Az Alu-Redőny Kft. vagyoni-, pénzügyi- és jövedelmezőségi helyzetének értékelése a beszámolók alapján

Bibliographic Details
Main Author: Czeczeli Zsombor
Other Authors: Bán Dr. Erika
Format: Final Paper
Kulcsszavak:Elemzés
Vagyoni helyzet
Jövedelmezőség
Online Access:http://dolgozattar.uni-bge.hu/19739

MARC

LEADER 00000nta a2200000 i 4500
001 dolg19739
005 20181217133748.0
008 181217suuuu hu o 000 hun d
040 |a BGE Dolgozattár Repozitórium  |b hun 
041 |a hu 
100 1 |a Czeczeli Zsombor 
245 1 3 |a Az Alu-Redőny Kft. vagyoni-, pénzügyi- és jövedelmezőségi helyzetének értékelése a beszámolók alapján  |c Czeczeli Zsombor  |h [elektronikus dokumentum] 
516 |a Final_paper 
695 |a Elemzés 
695 |a Vagyoni helyzet 
695 |a Jövedelmezőség 
700 1 |a Bán Dr. Erika  |e ths 
856 4 0 |u http://dolgozattar.uni-bge.hu/19739/1/Czeczeli%20Zsombor_SZAKDOLGOZAT.pdf  |z Dokumentum-elérés 
856 4 0 |u http://dolgozattar.uni-bge.hu/19739/2/Czeczeli%20Zsombor_NYILATKOZAT%20al%C3%A1%C3%ADrt.pdf  |z Dokumentum-elérés